[Event "European Youth Chess Championship B10"]
[Site "Prague, Top Hotel Prague"]
[Date "2016.08.26"]
[Round "8.5"]
[White "Chyzy, Jakub"]
[Black "Razafindratsima, Timothe"]
[Result "0-1"]
[WhiteElo "1775"]
[BlackElo "1938"]
[PlyCount "88"]
[EventDate "2016.08.18"]

1. e4 c5 2. Nf3 d6 3. d4 cxd4 4. Nxd4 Nf6 5. Nc3 Nc6 6. f3 e5 7. Nb3 Be6 8. Be3
Be7 9. Qd2 d5 10. exd5 Nxd5 11. Nxd5 Qxd5 12. Qxd5 Bxd5 13. O-O-O Rd8 14. Be2
O-O 15. Rd2 Bxb3 16. Rxd8 Rxd8 17. axb3 Nd4 18. Bxd4 Bg5+ 19. Kb1 Rxd4 20. Bd3
g6 21. Re1 f6 22. Re4 Kf8 23. Rxd4 exd4 24. c3 Be3 25. Kc2 Bg1 26. h3 Ke7 27.
Be4 b6 28. Kd3 dxc3 29. bxc3 Kd6 30. b4 a5 31. bxa5 bxa5 32. Kc4 Bb6 33. Kb5
Bd8 34. c4 Ke5 35. c5 Kf4 36. Kc6 Be7 37. Kd5 Kg3 38. c6 Bd8 39. Ke6 Kxg2 40.
h4 Kg3 41. h5 gxh5 42. Kd7 Bb6 43. Kc8 a4 44. Kb7 Ba5 0-1

[Event "European Youth Chess Championship B10"]
[Site "Prague, Top Hotel Prague"]
[Date "2016.08.26"]
[Round "8.6"]
[White "Creanga, Robert-Ionut"]
[Black "Lazavik, Denis"]
[Result "1/2-1/2"]
[WhiteElo "1809"]
[BlackElo "1704"]
[PlyCount "61"]
[EventDate "2016.08.18"]

1. e4 g6 2. d4 Bg7 3. Nc3 a6 4. a4 d6 5. g3 Nc6 6. Be3 Nf6 7. h3 O-O 8. Bg2 e5
9. Nge2 exd4 10. Nxd4 Bd7 11. O-O Re8 12. Re1 Nxd4 13. Bxd4 Bc6 14. Qd2 Qd7 15.
b3 Re7 16. Re2 Rae8 17. Rae1 Re6 18. g4 Qe7 19. f4 Nd7 20. Kh2 Bxd4 21. Qxd4
Qf6 22. Qd2 Qe7 23. Bf3 Nc5 24. g5 Qd8 25. h4 f6 26. Bg4 Rxe4 27. Nxe4 Nxe4 28.
Qd4 f5 29. Bf3 Qd7 30. h5 Qg7 31. Qd3 1/2-1/2

[Event "European Youth Chess Championship B10"]
[Site "Prague, Top Hotel Prague"]
[Date "2016.08.26"]
[Round "8.7"]
[White "Mitusov, Semen"]
[Black "Silich, Yahor"]
[Result "0-1"]
[WhiteElo "1783"]
[BlackElo "1639"]
[PlyCount "76"]
[EventDate "2016.08.18"]

1. e4 c5 2. c3 e6 3. d4 d5 4. exd5 exd5 5. Nf3 Nc6 6. h3 Bd6 7. Bd3 Nf6 8. O-O
O-O 9. Bg5 h6 10. Bh4 Re8 11. Nbd2 g5 12. dxc5 Bxc5 13. Nb3 Bb6 14. Bg3 Ne4 15.
Nfd4 f5 16. Bxe4 dxe4 17. Qh5 Kg7 18. Nxc6 bxc6 19. Rad1 Qe7 20. Rd6 Be6 21.
Be5+ Kh7 22. Rxc6 Rac8 23. Rxc8 Rxc8 24. Bd4 Bxb3 25. axb3 Bxd4 26. cxd4 Qe6
27. Rd1 Qd5 28. Qe2 Rc7 29. Qd2 Rd7 30. Qc3 f4 31. Qc2 Kg7 32. Qc3 h5 33. g3
Rf7 34. Qc5 Rd7 35. Ra1 fxg3 36. Rxa7 gxf2+ 37. Kxf2 Qf7+ 38. Ke3 Rxa7 0-1

[Event "European Youth Chess Championship B10"]
[Site "Prague, Top Hotel Prague"]
[Date "2016.08.26"]
[Round "8.8"]
[White "Piccinno, Matteo"]
[Black "Kolchin, Maxim"]
[Result "1-0"]
[WhiteElo "1772"]
[BlackElo "1590"]
[PlyCount "79"]
[EventDate "2016.08.18"]

1. d4 Nf6 2. Nf3 e6 3. c4 Bb4+ 4. Bd2 Qe7 5. a3 Bxd2+ 6. Nbxd2 b6 7. g3 Bb7 8.
Bg2 O-O 9. O-O d6 10. Re1 Nbd7 11. e4 e5 12. Qc2 g6 13. Rad1 Nh5 14. Nf1 Ndf6
15. Nh4 Rae8 16. Ne3 c6 17. dxe5 dxe5 18. b4 Ng7 19. Bh3 Ne6 20. Bxe6 Qxe6 21.
c5 Rd8 22. Nc4 Ba6 23. Nd6 Nh5 24. Qa4 Bc4 25. Qxa7 Bb3 26. Rd2 f5 27. exf5
gxf5 28. Rde2 f4 29. Rxe5 Qg4 30. f3 Qh3 31. Rxh5 Rd7 32. Nhf5 Qxf5 33. Rxf5
Rxa7 34. Rxf8+ Kxf8 35. Re8+ Kg7 36. cxb6 Rxa3 37. b7 Ra1+ 38. Kg2 Ra2+ 39. Kh3
Bc4 40. Nxc4 1-0

[Event "European Youth Chess Championship B10"]
[Site "Prague, Top Hotel Prague"]
[Date "2016.08.26"]
[Round "8.9"]
[White "Lystsov, Leonid"]
[Black "Tyurin, Artem"]
[Result "1-0"]
[WhiteElo "1705"]
[BlackElo "1766"]
[PlyCount "113"]
[EventDate "2016.08.18"]

1. Nf3 g6 2. g3 Bg7 3. Bg2 Nf6 4. c4 O-O 5. Nc3 d6 6. O-O Nbd7 7. d3 e5 8. Rb1
Ne8 9. b4 f5 10. Qc2 h6 11. b5 g5 12. a4 f4 13. Nd2 h5 14. a5 g4 15. a6 Rb8 16.
axb7 Bxb7 17. Nce4 h4 18. Qa2 Nc5 19. Nxc5 dxc5 20. Qxa7 Bxg2 21. Kxg2 f3+ 22.
exf3 gxf3+ 23. Kh1 hxg3 24. fxg3 Rb6 25. Qa3 Rbf6 26. Rb3 f2 27. Ne4 R6f7 28.
Be3 Rd7 29. Bxc5 Rf3 30. Nxf2 Nf6 31. Kg2 Rf5 32. Be3 Rf7 33. Ra1 Rf8 34. Re1
Kh7 35. Ne4 Nxe4 36. dxe4 Rf3 37. Rd3 Qf6 38. Bg1 Rf2+ 39. Kh1 Rf1 40. Rdd1
Rxe1 41. Rxe1 Rd8 42. c5 Bf8 43. Qb3 Be7 44. b6 cxb6 45. cxb6 Bd6 46. Kg2 Rf8
47. Qd3 Qe6 48. b7 Bb8 49. Rf1 Rxf1 50. Qxf1 Qe7 51. Qf5+ Kg7 52. Qc8 Qd6 53.
Bc5 Qd2+ 54. Kh3 Qh6+ 55. Kg4 Qg6+ 56. Kf3 Qf7+ 57. Kg2 1-0

[Event "European Youth Chess Championship B10"]
[Site "Prague, Top Hotel Prague"]
[Date "2016.08.26"]
[Round "8.10"]
[White "Pavlov, Mark"]
[Black "Dobre, Radu-Fabian"]
[Result "1-0"]
[WhiteElo "1538"]
[BlackElo "1718"]
[PlyCount "67"]
[EventDate "2016.08.18"]

1. d4 d5 2. c4 e6 3. Nf3 Nf6 4. g3 Be7 5. Bg2 O-O 6. O-O b6 7. cxd5 exd5 8. Nc3
Bb7 9. Bf4 Na6 10. Rc1 c5 11. h3 Rc8 12. e3 Qd7 13. Ne5 Qd8 14. g4 h6 15. Bg3
Re8 16. f4 Ne4 17. Bh2 Bf6 18. a3 cxd4 19. exd4 Nxc3 20. Rxc3 Rxc3 21. bxc3 Qd6
22. g5 Bxe5 23. fxe5 Qg6 24. gxh6 Qxh6 25. Bf4 Qc6 26. Qf3 Rf8 27. Bg5 Qd7 28.
Bf6 Nc7 29. Bxg7 f5 30. Bxf8 Kxf8 31. Qh5 Ke7 32. Rxf5 Kd8 33. Qg6 Qe7 34. Rg5
1-0

[Event "European Youth Chess Championship B10"]
[Site "Prague, Top Hotel Prague"]
[Date "2016.08.26"]
[Round "8.11"]
[White "Maurizzi, Marc Andria"]
[Black "Piliposyan, Robert"]
[Result "0-1"]
[WhiteElo "1824"]
[BlackElo "1701"]
[PlyCount "65"]
[EventDate "2016.08.18"]

1. e4 c5 2. Nf3 e6 3. b3 Nc6 4. Bb2 d6 5. d4 cxd4 6. Nxd4 e5 7. Nxc6 bxc6 8. g3
Nf6 9. Bg2 Bg4 10. Qd3 Be7 11. O-O Qd7 12. c4 Bh3 13. Rd1 Bxg2 14. Kxg2 Qe6 15.
Nc3 O-O 16. Rd2 Rad8 17. Rad1 Ne8 18. Qe3 Rd7 19. c5 Rb7 20. Na4 Qg6 21. Rd3
Rb4 22. f3 f5 23. exf5 Rxf5 24. a3 Rbf4 25. cxd6 Bxd6 26. Nc3 Rxf3 27. Qxf3
Rxf3 28. Kxf3 Qf5+ 29. Kg2 e4 30. Rxd6 Nxd6 31. Rxd6 Qf3+ 32. Kg1 e3 33. Rd1
0-1

[Event "European Youth Chess Championship B10"]
[Site "Prague, Top Hotel Prague"]
[Date "2016.08.26"]
[Round "8.12"]
[White "Ivanov, Artem"]
[Black "Kostolansky, Sebastian Lukas"]
[Result "0-1"]
[WhiteElo "1689"]
[BlackElo "2015"]
[PlyCount "62"]
[EventDate "2016.08.18"]

1. e4 e6 2. d4 d5 3. Nd2 c5 4. Ngf3 cxd4 5. Nxd4 Nf6 6. exd5 a6 7. N2f3 exd5 8.
Bd3 Be7 9. O-O O-O 10. c3 Nc6 11. Qc2 Bg4 12. Nxc6 bxc6 13. Ne5 Qc8 14. f4 Bc5+
15. Kh1 Re8 16. Bd2 Bd6 17. Rae1 c5 18. c4 d4 19. Be4 Nxe4 20. Qxe4 Be6 21. b3
f6 22. Nf3 Qd7 23. Qe2 Bf5 24. Qd1 Be4 25. Rg1 Qg4 26. Ref1 Re7 27. h3 Qg3 28.
Qc1 Rae8 29. Be1 Qxf4 30. Qxf4 Bxf4 31. Nxd4 Be3 0-1

[Event "European Youth Chess Championship B10"]
[Site "Prague, Top Hotel Prague"]
[Date "2016.08.26"]
[Round "8.13"]
[White "Fiszer, Bartosz"]
[Black "Maneluk, Daniil"]
[Result "0-1"]
[WhiteElo "1690"]
[BlackElo "1991"]
[PlyCount "80"]
[EventDate "2016.08.18"]

1. e4 e6 2. d4 d5 3. Nd2 c5 4. exd5 Qxd5 5. dxc5 Bxc5 6. Ngf3 Nc6 7. Bc4 Qd8 8.
O-O Nf6 9. Nb3 Qxd1 10. Rxd1 Bb6 11. Bg5 Ne4 12. Bh4 O-O 13. Re1 Nd6 14. Bf1
Nf5 15. Rad1 Nxh4 16. Nxh4 e5 17. Bb5 f6 18. Bc4+ Kh8 19. Re4 g5 20. Nf3 Bf5
21. Re2 e4 22. Nfd2 Bg4 23. Nxe4 Bxe2 24. Bxe2 Rad8 25. Rf1 h6 26. Nbc5 Bxc5
27. Nxc5 Nd4 28. Bd1 b6 29. Nd3 Rfe8 30. c3 Ne2+ 31. Bxe2 Rxe2 32. Nb4 Rxb2 33.
Re1 Rdd2 34. h4 a5 35. Nc6 Rxf2 36. Re8+ Kg7 37. Ra8 Rxg2+ 38. Kf1 Rgc2 39.
Ra7+ Kg6 40. Ne7+ Kh5 0-1

[Event "European Youth Chess Championship B10"]
[Site "Prague, Top Hotel Prague"]
[Date "2016.08.26"]
[Round "8.14"]
[White "Navumenka, Mikhei"]
[Black "Mizrahi, Ido"]
[Result "1/2-1/2"]
[WhiteElo "1681"]
[BlackElo "1827"]
[PlyCount "68"]
[EventDate "2016.08.18"]

1. e4 e5 2. Nf3 Nc6 3. Bc4 Bc5 4. c3 Nf6 5. d3 d6 6. Bb3 h6 7. Bc2 O-O 8. O-O
Bb6 9. h3 Ne7 10. d4 Ng6 11. Re1 Re8 12. a4 a6 13. Nbd2 Be6 14. Nf1 Qc8 15. Kh2
Bd7 16. Be3 exd4 17. Bxd4 Bxd4 18. Nxd4 c5 19. Nf5 Bxf5 20. exf5 Rxe1 21. Qxe1
Ne5 22. Rd1 Qc7 23. Ne3 Re8 24. Qd2 d5 25. Kg1 Rd8 26. f4 Nc6 27. Qf2 d4 28.
Ng4 Nd5 29. f6 Qxf4 30. Qe2 h5 31. Rf1 Qg5 32. Rf5 Qc1+ 33. Rf1 Qg5 34. Rf5
Qc1+ 1/2-1/2

[Event "European Youth Chess Championship B10"]
[Site "Prague, Top Hotel Prague"]
[Date "2016.08.26"]
[Round "8.15"]
[White "Bui, Bao Anh Le"]
[Black "Krupa, Miroslav"]
[Result "1-0"]
[WhiteElo "1659"]
[BlackElo "1808"]
[PlyCount "51"]
[EventDate "2016.08.18"]

1. e4 c5 2. Nf3 d6 3. d4 cxd4 4. Nxd4 Nf6 5. Nc3 a6 6. Be3 e6 7. f3 b5 8. Qd2
Bb7 9. g4 Be7 10. a4 bxa4 11. Nxa4 Nfd7 12. g5 Ne5 13. Rg1 Nec6 14. Be2 Nd7 15.
Nxc6 Bxc6 16. Qc3 Bb5 17. Qxg7 Rf8 18. c4 Bxa4 19. Rxa4 Nb6 20. Ra1 d5 21. cxd5
Bb4+ 22. Kf2 Qc7 23. dxe6 Qxh2+ 24. Rg2 Qc7 25. Qd4 fxe6 26. Qxb6 1-0

[Event "European Youth Chess Championship B10"]
[Site "Prague, Top Hotel Prague"]
[Date "2016.08.26"]
[Round "8.16"]
[White "Wojdak, Jan"]
[Black "Anghel, Iulian-Mihai"]
[Result "1-0"]
[WhiteElo "1681"]
[BlackElo "1777"]
[PlyCount "125"]
[EventDate "2016.08.18"]

1. e4 c6 2. d4 d5 3. Nc3 dxe4 4. Nxe4 Bf5 5. Ng3 Bg6 6. h4 h6 7. Nf3 Nd7 8. h5
Bh7 9. Bd3 Bxd3 10. Qxd3 e6 11. Bf4 Qa5+ 12. Bd2 Bb4 13. c3 Be7 14. Ne4 Ngf6
15. Nxf6+ Nxf6 16. Ne5 Qd5 17. f3 O-O 18. g4 Rfd8 19. Qe2 Nd7 20. Nxd7 Rxd7 21.
Qe4 Rad8 22. Qxd5 Rxd5 23. Be3 Rc8 24. Ke2 b5 25. Rac1 Rb8 26. b3 c5 27. c4
bxc4 28. Rxc4 cxd4 29. Bxd4 Rbd8 30. Be3 a6 31. Rhc1 Bf6 32. Rc8 Kf8 33. Rxd8+
Rxd8 34. Rc6 Ra8 35. Kd3 Ke8 36. Rc7 Rd8+ 37. Ke2 Rd6 38. Rb7 Rc6 39. Kd3 Bd8
40. Bd4 Rd6 41. Ke4 Bf6 42. Bxf6 gxf6 43. Rb8+ Ke7 44. Rh8 Rd2 45. Rxh6 Rxa2
46. Rh8 Rb2 47. h6 Rh2 48. h7 Rh4 49. Kf4 a5 50. Kg3 Rh1 51. f4 Rh6 52. Kf3
Rh3+ 53. Ke4 Rh4 54. Kf3 Rh3+ 55. Kg2 Rh4 56. Kg3 Rh1 57. g5 fxg5 58. fxg5 Rh5
59. g6 fxg6 60. Ra8 Rxh7 61. Ra7+ Kf6 62. Rxh7 Kf5 63. Ra7 1-0

[Event "European Youth Chess Championship B10"]
[Site "Prague, Top Hotel Prague"]
[Date "2016.08.26"]
[Round "8.17"]
[White "Levin, Guy"]
[Black "Laux, Dominik"]
[Result "1-0"]
[WhiteElo "1774"]
[BlackElo "1659"]
[PlyCount "139"]
[EventDate "2016.08.18"]

1. e4 d5 2. exd5 Nf6 3. Bb5+ Nbd7 4. Nf3 Nxd5 5. d4 c6 6. Be2 Qc7 7. c4 N5f6 8.
Nc3 e6 9. a3 Be7 10. Qc2 O-O 11. O-O Re8 12. b4 Nf8 13. Ne5 Ng6 14. f4 Bd7 15.
g4 Rf8 16. Be3 a5 17. g5 Ne8 18. Nxg6 hxg6 19. c5 axb4 20. axb4 Rxa1 21. Rxa1
b6 22. Qa2 f5 23. Qa7 bxc5 24. Qxc7 Nxc7 25. Ra7 Rc8 26. dxc5 Bf8 27. Na4 Nd5
28. Bd2 Be8 29. Nb6 Rb8 30. Nxd5 exd5 31. Kf2 Bf7 32. Rc7 Be8 33. Ke3 Ra8 34.
Bf3 Rb8 35. Bc3 Kh7 36. Kd3 Kg8 37. Be5 Rxb4 38. Rc8 Bxc5 39. Rxe8+ Kf7 40. Rc8
Rb3+ 41. Ke2 Re3+ 42. Kd2 Rxf3 43. Rxc6 Be3+ 44. Ke2 Rxf4 45. Rc7+ Ke6 46. Bxf4
Bxf4 47. Rxg7 Bxg5 48. Rxg6+ Bf6 49. h4 Kf7 50. h5 d4 51. Kd3 Be5 52. Rg5 Kf6
53. Rg2 Kf7 54. h6 Bh8 55. Ke2 Bf6 56. Kf3 Be5 57. Rg5 Bf6 58. Rg1 Be5 59. Ke2
Bf6 60. Kd3 Be5 61. Kc4 Bf6 62. Kd5 d3 63. Kd6 d2 64. Kd5 Bh4 65. Ke5 Be1 66.
Rg7+ Kf8 67. Rd7 Kg8 68. h7+ Kh8 69. Kxf5 Bh4 70. Rxd2 1-0

[Event "European Youth Chess Championship B10"]
[Site "Prague, Top Hotel Prague"]
[Date "2016.08.26"]
[Round "8.18"]
[White "Aslanov, Umid"]
[Black "Revaliente, Montoya Ciro"]
[Result "1-0"]
[WhiteElo "1651"]
[BlackElo "1768"]
[PlyCount "67"]
[EventDate "2016.08.18"]

1. e4 c5 2. Nf3 g6 3. d4 cxd4 4. Nxd4 Bg7 5. c4 Nc6 6. Be3 Nf6 7. Nc3 O-O 8. f3
d6 9. Be2 a5 10. O-O Bd7 11. Qd3 a4 12. Rac1 Nxd4 13. Bxd4 Bc6 14. Nd5 Bxd5 15.
cxd5 Nd7 16. Bxg7 Kxg7 17. Kh1 Nc5 18. Qd4+ Kg8 19. f4 Qa5 20. f5 b5 21. f6
exf6 22. Rxf6 Rad8 23. e5 Rfe8 24. e6 Re7 25. Rcf1 Rf8 26. Qf4 Qc7 27. h4 Qb7
28. Qf3 Qc7 29. h5 Qd8 30. exf7+ Kg7 31. hxg6 Re5 32. gxh7 Ne4 33. Qg4+ Ng5 34.
Qh4 1-0

[Event "European Youth Chess Championship B10"]
[Site "Prague, Top Hotel Prague"]
[Date "2016.08.26"]
[Round "8.19"]
[White "Samadov, Read"]
[Black "Georgiev, Konstantin"]
[Result "1-0"]
[WhiteElo "1611"]
[BlackElo "1760"]
[PlyCount "95"]
[EventDate "2016.08.18"]

1. e4 c5 2. Nf3 Nc6 3. d4 cxd4 4. Nxd4 Nf6 5. Nc3 e6 6. Ndb5 Bb4 7. a3 Bxc3+ 8.
Nxc3 d5 9. exd5 exd5 10. Bd3 O-O 11. O-O Bg4 12. f3 Qb6+ 13. Kh1 Be6 14. b3 Ne5
15. Na4 Qc7 16. Bb2 Rac8 17. Bxe5 Qxe5 18. Qd2 Rfe8 19. Rae1 Qd6 20. b4 Nd7 21.
Bb5 b6 22. Nc3 Red8 23. Ba6 Rc6 24. Bb7 Rc4 25. Nxd5 Qb8 26. Ne7+ Kf8 27. Nc6
Rxc6 28. Bxc6 Qc7 29. Bxd7 Rxd7 30. Qe3 Rd5 31. Rd1 Qxc2 32. Rxd5 Bxd5 33. Qd4
Qc4 34. Rd1 Qxd4 35. Rxd4 Be6 36. b5 Ke7 37. Ra4 Kd6 38. Rxa7 Kc5 39. a4 h6 40.
Kg1 g6 41. Kf2 Kb4 42. Ra6 Kc5 43. Ke3 Bc8 44. Ra7 Kb4 45. Kd4 Be6 46. Ra6 Bd7
47. Rxb6 Kxa4 48. Kc5 1-0

[Event "European Youth Chess Championship B10"]
[Site "Prague, Top Hotel Prague"]
[Date "2016.08.26"]
[Round "8.20"]
[White "Palchuk, Andrii"]
[Black "Spizharny, Mikhail"]
[Result "1/2-1/2"]
[WhiteElo "1649"]
[BlackElo "1754"]
[PlyCount "98"]
[EventDate "2016.08.18"]

1. Nf3 d5 2. e3 Nf6 3. d4 g6 4. Be2 Bg7 5. O-O O-O 6. Nbd2 b6 7. b3 c5 8. Bb2
Nbd7 9. c4 Bb7 10. Rc1 Rc8 11. h3 e6 12. Re1 Ne4 13. Nxe4 dxe4 14. Nh2 f5 15.
Qd2 cxd4 16. Bxd4 e5 17. Bb2 Nc5 18. Red1 Qxd2 19. Rxd2 Rfd8 20. Rcd1 Rxd2 21.
Rxd2 Rc7 22. Kf1 Rd7 23. Rxd7 Nxd7 24. Ke1 Bf8 25. Kd2 Kf7 26. Nf1 Ke6 27. Kc3
a5 28. a3 Nc5 29. g3 h5 30. Nd2 Bd6 31. Kc2 Na6 32. Nb1 Bc6 33. Nc3 Nc7 34. Bc1
Kf6 35. Bf1 Kg5 36. h4+ Kh6 37. Na2 g5 38. hxg5+ Kxg5 39. Kd2 h4 40. Ke2 f4 41.
exf4+ exf4 42. gxf4+ Bxf4 43. Bxf4+ Kxf4 44. Bh3 Be8 45. Nc3 Bh5+ 46. Ke1 Ke5
47. Kd2 Kd4 48. Bf5 Bf3 49. Bh3 Bh5 1/2-1/2

[Event "European Youth Chess Championship B10"]
[Site "Prague, Top Hotel Prague"]
[Date "2016.08.26"]
[Round "8.21"]
[White "Merts, Dmitrii"]
[Black "Hak, David"]
[Result "1/2-1/2"]
[WhiteElo "1590"]
[BlackElo "1747"]
[PlyCount "86"]
[EventDate "2016.08.18"]

1. e4 Nf6 2. e5 Nd5 3. d4 d6 4. Nf3 Nc6 5. Be2 Bg4 6. O-O g6 7. Bc4 dxe5 8.
dxe5 e6 9. Bxd5 exd5 10. Re1 Bg7 11. h3 Bxf3 12. Qxf3 O-O 13. Bf4 Re8 14. Nc3
Bxe5 15. Bxe5 Rxe5 16. Rxe5 Nxe5 17. Qxd5 Qxd5 18. Nxd5 c6 19. Ne3 Rd8 20. Rd1
Rxd1+ 21. Nxd1 Kf8 22. Kf1 Ke7 23. Ke2 Ke6 24. Ne3 Nd7 25. Kd3 f5 26. b4 Nf6
27. Kd4 Ne4 28. f3 Nd6 29. a4 Kf6 30. c4 Kg5 31. Ke5 Nf7+ 32. Ke6 Nh6 33. Kd7
Kf4 34. Nf1 Ke5 35. b5 Kd4 36. bxc6 bxc6 37. Kxc6 Kxc4 38. a5 Nf7 39. a6 Nd8+
40. Kd7 Nf7 41. Ke6 Nd8+ 42. Kd7 Nf7 43. Ke6 Nd8+ 1/2-1/2

[Event "European Youth Chess Championship B10"]
[Site "Prague, Top Hotel Prague"]
[Date "2016.08.26"]
[Round "8.22"]
[White "Paduano, Claudio"]
[Black "Hlavina, Matous"]
[Result "1-0"]
[WhiteElo "1860"]
[BlackElo "1586"]
[PlyCount "125"]
[EventDate "2016.08.18"]

1. d4 f5 2. Nf3 Nf6 3. g3 g6 4. Bg2 Bg7 5. O-O O-O 6. c4 d6 7. Nc3 c6 8. Re1 d5
9. cxd5 cxd5 10. Bf4 Nc6 11. Ne5 e6 12. Nxc6 bxc6 13. Na4 h6 14. h4 Qe8 15. Rc1
Nh5 16. Be5 g5 17. hxg5 hxg5 18. Qc2 Bd7 19. Nc5 Rc8 20. Qa4 Bxe5 21. dxe5 Rc7
22. Rc2 Qe7 23. Rec1 Rfc8 24. b4 Ng7 25. Na6 Rb7 26. Nc5 Rbc7 27. Qb3 Be8 28.
a4 Kf8 29. Na6 Rb7 30. b5 Rd8 31. Qe3 cxb5 32. axb5 Bxb5 33. Rc7 Rd7 34. Rc8+
Rd8 35. R8c7 Rxc7 36. Rxc7 Rd7 37. Qxa7 Rxc7 38. Nxc7 Bxe2 39. Qb8+ Kf7 40. Nb5
Kg6 41. Nd4 Bc4 42. Nc6 Qe8 43. Qd6 Bb5 44. Bxd5 Kh5 45. Bf3+ Kh6 46. Nd4 Bc4
47. g4 Qf7 48. gxf5 Nxf5 49. Nxf5+ Qxf5 50. Bg2 Kg7 51. Qc7+ Kg6 52. Qxc4 Qxe5
53. Qe4+ Qxe4 54. Bxe4+ Kf6 55. Kg2 Ke5 56. Kf3 g4+ 57. Ke3 Kf6 58. Kf4 e5+ 59.
Kxg4 Ke6 60. Kg5 Ke7 61. Kf5 Kd6 62. Kf6 Kd7 63. Kxe5 1-0

[Event "European Youth Chess Championship B10"]
[Site "Prague, Top Hotel Prague"]
[Date "2016.08.26"]
[Round "8.23"]
[White "Larichev, Prokhor"]
[Black "Dudarev, Vladislav"]
[Result "1-0"]
[WhiteElo "1585"]
[BlackElo "1821"]
[PlyCount "47"]
[EventDate "2016.08.18"]

1. e4 c5 2. Nf3 d6 3. d4 cxd4 4. Nxd4 Nf6 5. Nc3 g6 6. Be3 Bg7 7. f3 O-O 8. Qd2
Nc6 9. Bc4 Bd7 10. O-O-O Rc8 11. Bb3 Ne5 12. h4 Nc4 13. Bxc4 Rxc4 14. h5 Nxh5
15. g4 Ng3 16. Rh3 Rxc3 17. Rxg3 Rc4 18. Rh1 Qc7 19. Qh2 Rc8 20. Qxh7+ Kf8 21.
Rg2 e5 22. Bh6 Bf5 23. Qxg7+ Ke8 24. Qf8+ 1-0

[Event "European Youth Chess Championship B10"]
[Site "Prague, Top Hotel Prague"]
[Date "2016.08.26"]
[Round "8.24"]
[White "Hrbek, Stepan"]
[Black "Yudin, Mikhail"]
[Result "1-0"]
[WhiteElo "1760"]
[BlackElo "1530"]
[PlyCount "120"]
[EventDate "2016.08.18"]

1. d4 Nf6 2. c4 d6 3. Nc3 e5 4. dxe5 dxe5 5. Qxd8+ Kxd8 6. Nf3 Nfd7 7. Be3 c6
8. O-O-O Kc7 9. Ng5 Be7 10. Nce4 Bxg5 11. Nxg5 Rf8 12. Nxh7 Rh8 13. Ng5 Rf8 14.
g3 Na6 15. Bh3 Nb6 16. Bxb6+ axb6 17. Bxc8 Raxc8 18. Rd2 Nc5 19. b4 Nd7 20.
Rhd1 Nf6 21. f3 Ra8 22. Ne4 Ra4 23. Nxf6 gxf6 24. Rb2 c5 25. Rd5 Re8 26. bxc5
Rxc4+ 27. Rc2 Kc6 28. Rd6+ Kxc5 29. Rxf6 Rxc2+ 30. Kxc2 Re7 31. h4 e4 32. Rf5+
Kd6 33. f4 Kc6 34. Re5 Rxe5 35. fxe5 Kd5 36. Kd2 Kxe5 37. Ke3 f5 38. h5 Kf6 39.
Kf4 e3 40. h6 Kg6 41. h7 Kxh7 42. Kxf5 Kh6 43. Kf4 Kh5 44. a4 b5 45. axb5 b6
46. Kxe3 Kg4 47. Kd4 Kxg3 48. e4 Kf4 49. e5 Kf5 50. Kd5 Kg6 51. Kd6 Kg7 52. Kd7
Kf7 53. e6+ Kf6 54. e7 Ke5 55. e8=Q+ Kd5 56. Qc8 Kd4 57. Kd6 Kd3 58. Kd5 Kd2
59. Ke4 Ke2 60. Qc2+ Kf1 1-0

[Event "European Youth Chess Championship B10"]
[Site "Prague, Top Hotel Prague"]
[Date "2016.08.26"]
[Round "8.25"]
[White "Kirushin, Ivan"]
[Black "Rozen, Eytan"]
[Result "1/2-1/2"]
[WhiteElo "1571"]
[BlackElo "1702"]
[PlyCount "77"]
[EventDate "2016.08.18"]

1. e4 e5 2. Bc4 Nf6 3. d4 exd4 4. Nf3 Nxe4 5. Qxd4 Nf6 6. Bg5 Be7 7. Nc3 Nc6 8.
Qh4 d6 9. O-O-O Be6 10. Rhe1 Bxc4 11. Bxf6 Be6 12. Bxe7 Qxe7 13. Qa4 O-O-O 14.
Nb5 a6 15. Nbd4 Nxd4 16. Qxd4 c5 17. Qxg7 Rdg8 18. Qc3 Kb8 19. g3 b5 20. Nh4
Kc7 21. f4 Rd8 22. Kb1 b4 23. Qd2 Qd7 24. f5 Bc4 25. b3 Bb5 26. f6 Rde8 27. Nf3
Rxe1 28. Rxe1 Re8 29. Ng5 h6 30. Nf3 Qf5 31. Nh4 Rxe1+ 32. Qxe1 Qxf6 33. Qe4
Qe6 34. Qa8 d5 35. Qa7+ Kd8 36. Qxc5 Qe1+ 37. Kb2 Qe5+ 38. Kb1 Qe1+ 39. Kb2
1/2-1/2

[Event "European Youth Chess Championship B10"]
[Site "Prague, Top Hotel Prague"]
[Date "2016.08.26"]
[Round "8.26"]
[White "Caliskan, Seha"]
[Black "Pilar, Vit"]
[Result "1-0"]
[WhiteElo "1645"]
[BlackElo "1453"]
[PlyCount "133"]
[EventDate "2016.08.18"]

1. d4 d5 2. Nf3 c5 3. c3 cxd4 4. cxd4 Nc6 5. Bf4 Nf6 6. e3 a6 7. Nbd2 Bg4 8.
Be2 e6 9. h3 Bh5 10. O-O Be7 11. Rc1 O-O 12. a3 Rc8 13. b4 a5 14. b5 Na7 15.
Qb3 Ne4 16. Bd3 Nxd2 17. Nxd2 Bg6 18. Bxg6 hxg6 19. Nf3 Qd7 20. a4 Bb4 21. Ne5
Qe7 22. Nd3 Ba3 23. Ra1 Bd6 24. Bxd6 Qxd6 25. Rac1 b6 26. Qb2 Qd7 27. Rxc8 Rxc8
28. Rc1 f6 29. Rxc8+ Qxc8 30. Qc1 Qxc1+ 31. Nxc1 Nc8 32. Nd3 Nd6 33. Nb2 Kf7
34. Kf1 e5 35. Ke2 Nf5 36. Kd3 e4+ 37. Ke2 Nh4 38. g3 Nf3 39. h4 g5 40. hxg5
Nxg5 41. Nd1 Ke6 42. Nc3 Nf7 43. Nd1 Nd6 44. Nc3 Nc4 45. g4 g5 46. f3 exf3+ 47.
Kxf3 Nd2+ 48. Ke2 Ne4 49. Nxe4 dxe4 50. Kd2 f5 51. gxf5+ Kxf5 52. Ke2 Ke6 53.
Kf2 Kd5 54. Kg3 Kc4 55. Kg4 Kb4 56. d5 Kc5 57. Kxg5 Kxd5 58. Kf4 Kc4 59. Kxe4
Kb4 60. Kd4 Kxa4 61. Kc4 Ka3 62. e4 Kb2 63. e5 a4 64. e6 a3 65. e7 a2 66. e8=Q
Kb1 67. Qe2 1-0

[Event "European Youth Chess Championship B10"]
[Site "Prague, Top Hotel Prague"]
[Date "2016.08.26"]
[Round "8.27"]
[White "Tobak, Mikhail"]
[Black "Han, Yichen"]
[Result "1/2-1/2"]
[WhiteElo "1315"]
[BlackElo "1627"]
[PlyCount "109"]
[EventDate "2016.08.18"]

1. Nf3 Nf6 2. g3 g6 3. Bg2 Bg7 4. O-O O-O 5. d3 d5 6. Nbd2 c5 7. e4 Nc6 8. Re1
h6 9. Qe2 e5 10. c3 Be6 11. b3 Qc7 12. Ba3 dxe4 13. Nxe4 Nxe4 14. dxe4 b6 15.
Rad1 Rad8 16. Nd2 Qc8 17. Nc4 Bg4 18. f3 Bh3 19. Ne3 Bxg2 20. Kxg2 Qe6 21. Nd5
Ne7 22. c4 Nc6 23. Bb2 Kh7 24. a3 f5 25. b4 f4 26. g4 Bf6 27. Qf2 Nd4 28. Bxd4
cxd4 29. Rc1 h5 30. h3 hxg4 31. hxg4 Kg7 32. Rh1 Rh8 33. Qc2 Qc6 34. Qd3 Rxh1
35. Rxh1 Rh8 36. Rxh8 Kxh8 37. Kf2 Kg7 38. Ke2 Kf7 39. Qb3 Ke8 40. Kd3 Be7 41.
a4 g5 42. a5 b5 43. c5 Bd8 44. Qa2 Qh6 45. Qe2 Qh1 46. Kc2 a6 47. Kb2 Kd7 48.
Qd3 Qh2+ 49. Kb3 Kc6 50. Qc2 Qh1 51. Qd3 Qc1 52. Ka2 Qh1 53. Kb3 Qa1 54. Kc2
Qa2+ 55. Kc1 1/2-1/2

[Event "European Youth Chess Championship B10"]
[Site "Prague, Top Hotel Prague"]
[Date "2016.08.26"]
[Round "8.29"]
[White "Pasztor, Balazs"]
[Black "Bancarewicz, Aleks"]
[Result "1-0"]
[WhiteElo "1825"]
[BlackElo "1444"]
[PlyCount "53"]
[EventDate "2016.08.18"]

1. e4 e6 2. d4 d5 3. e5 c5 4. c3 Nc6 5. Nf3 Bd7 6. Be2 f6 7. O-O Be7 8. Re1 Qc7
9. Bf4 f5 10. dxc5 Bxc5 11. b4 Bb6 12. Na3 a6 13. Qb3 h6 14. c4 g5 15. cxd5
gxf4 16. dxc6 bxc6 17. Nc4 Qa7 18. Nd6+ Ke7 19. Rf1 Bc7 20. Rad1 Bxd6 21. Rxd6
Rh7 22. Nd4 Rc8 23. Rd1 Rc7 24. Nxe6 Bxe6 25. Qxe6+ Kf8 26. Rd8+ Kg7 27. Qxg8#
1-0